Estudio a nivel de perfil del proyecto mejoramiento vía del camino El Aguacate en el municipio de Jinotepe Carazo

El presente estudio consiste en la realización de un estudio a nivel de perfil para el mejoramiento del camino del sector n°3 de la comunidad del Aguacate, el cual se caracteriza por ser un camino todo tiempo y que actualmente se encuentra en deterioro, con problemas en sus superficies de rodamient...

Full description

Bibliographic Details
Main Authors: Vado López, Vanessa Junieth, Castillo Castro, Nicolás Antonio
Other Authors: Tutor: Juárez Romero, Gioconda Isabel
Format: Tesis Section = Libro
Language:Undetermined
Spanish
Published: Managua UNI 2022
Subjects:
LEADER 01257nam a2200265Ia 4500
008 240830s9999 xx 000 0 und d
040 |a BIBLIOTECA-RUPAP/ Mon 625.7 V 124 
041 |a spa 
082 |a Mon 625.7 V 124 
100 1 |a Vado López, Vanessa Junieth 
100 1 |b Castillo Castro, Nicolás Antonio 
245 1 0 |a Estudio a nivel de perfil del proyecto mejoramiento vía del camino El Aguacate en el municipio de Jinotepe Carazo 
260 |a Managua  |b UNI  |c 2022 
300 |a 85 p. :il. 
500 |a Contiene: anexos y CD. 
502 |a Tesis (Ingeniero Civil) - UNI, 2022. 
520 3 |a El presente estudio consiste en la realización de un estudio a nivel de perfil para el mejoramiento del camino del sector n°3 de la comunidad del Aguacate, el cual se caracteriza por ser un camino todo tiempo y que actualmente se encuentra en deterioro, con problemas en sus superficies de rodamiento y deficiencia para evacuación de las aguas debido al mal estado de las obras de drenaje. 
650 7 |a CONSTRUCCION DE CARRETERAS 
650 7 |b  ESTUDIOS DE FACTIBILIDAD 
650 7 |c  ESTUDIO DE MERCADO 
650 7 |d  ESTUDIO FINANCIERO 
700 1 |a Tutor:  |b Juárez Romero, Gioconda Isabel 
942 |c BK  |2 ddc 
991 |a Tesis 
999 |c 27714